| 000 | 00666cam a22002293a 4500 | ||
|---|---|---|---|
| 001 | 32265 | ||
| 003 | PGUSA | ||
| 005 | 20140828083710.0 | ||
| 008 | 100505s2010||||xxu|||||s|||||000 | eng d | ||
| 040 |
_aPGUSA _beng |
||
| 042 | _adc | ||
| 050 | 4 | _aPQ | |
| 100 | 1 |
_aGiacosa, Giuseppe, _d1847-1906 |
|
| 245 | 1 | 0 |
_aNon dir quattro se non l'hai nel sacco : _bCommedia in un atto _h[electronic resource] / _cGiuseppe Giacosa |
| 260 |
_bProject Gutenberg, _c2010 |
||
| 506 | _aPublic domain in the USA. | ||
| 516 | _aElectronic text | ||
| 653 | _aItalian drama | ||
| 830 | 0 |
_aProject Gutenberg _v32265 |
|
| 856 | 4 | 0 | _uhttp://www.gutenberg.org/ebooks/32265 |
| 942 | _cEB | ||
| 999 |
_c261520 _d261520 |
||